000 01539cam a2200445 i 4500
001 39610
003 KOSZ 005
005 20200731120130.0
008 001205s1999 pl a |000 0 pol
015 _aPB 2000/22665
020 _a8372004366
040 _aWA N
_cWA N
_dKOSZ 005/HR
041 1 _apol
_hger
046 _k1999
080 _a613.2
080 _a(083)
245 0 0 _aWielkie tabele kalorii i wartości odżywczych /
_cI. Elmadfa, E. Muskat [et al. ; tł. Jan Rubinowicz].
246 1 _iTyt. oryg.:
_aGrosse GU Nährwert- und Kalorien-Tabelle.
260 _aWarszawa :
_b"Muza",
_c1999.
300 _a119, [1] s. :
_bil. ;
_c19 x 22 cm.
336 _2rdacontent
_aTekst
_btxt
337 _2rdamedia
_aBez urządzenia pośredniczącego
_bn
338 _2rdacarrier
_aWolumin
_bnc
380 _aKsiążki
388 _a1901-2000
388 _a1989-2000
500 _aTyt. oryg.: Die grosse GU Nährwert- und Kalorien-Tabelle, 1997. - Na okł.: 20000 danych o wartościach odżywczych.
504 _aBibliogr.
650 7 _aZdrowe odżywianie
650 7 _aŻywność
650 7 _aWartość odżywcza
655 7 _aTablice i wzory
658 _aMedycyna i zdrowie
700 1 _aElmadfa, Ibrahim
_eAutor
700 1 _aMuskat, Erich
_eAutor
700 1 _aRubinowicz, Jan
_eTłumaczenie
710 2 _aMuza
_4pbl.
856 _uhttp://koha.tu.koszalin.pl/cgi-bin/koha/opac-detail.pl?biblionumber=39610
_yKatalogonline BPK
942 _2UKD
_cKS
999 _c39610
_d39610